MARC

LEADER 00000nam0a2200000 4500
001 75661
005 20231031091003.0
020 |a RU  |b 81-55987 
035 |a (RuTPU)RU\TPU\book\80726 
090 |a 75661 
100 |a 20050331d1981 km a0rusy5003 ca 
101 0 |a rus 
102 |a RU 
105 |a a z 001zy 
200 1 |a Метод коллективного распознавания  |f Л. А. Растригин, Р. Х. Эренштейн 
210 |a Москва  |c Энергоиздат  |d 1981 
215 |a 79 с.  |c ил.  |d 20 см. 
225 1 |a Б-ка по автоматике  |a Вып. 615 
610 0 |a Распознавание образов 
610 1 |a вычислительная техника 
610 1 |a вычислительные машины 
610 1 |a распознавание образов 
610 1 |a коллективные решения 
675 |a 681.327.12  |z rus 
700 1 |a Растригин  |b Л. А.  |g Леонард Андреевич  |4 070 
701 1 |a Эренштейн  |b Р. Х.  |g Роман Хононович  |4 070 
801 0 |a RU  |b RuMRKP  |c 19950704  |g psbo 
801 1 |a RU  |b 63413507  |c 20050331  |g PSBO 
801 2 |a RU  |b 63413507  |c 20160831  |g PSBO 
942 |c BK